000 00371nam a2200145Ia 4500
008 150201s2004 xx 000 0 und d
082 _a616.0757
_bE2004L
100 _aLANGLASIS,ROBERT
245 _aEXERCISE IN ORAL RADIOLOGY & INTERPUTATION
250 _a4TH
260 _bSAUNDERS
_aPHILADELPHIA
_c2004
300 _a1-381
650 _aRADIOLOGY
942 _2ddc
_cBK
_03
999 _c3726
_d3726